|
|
|
|
| LEADER |
00000cam a2200000 7i4500 |
| 001 |
0000020598 |
| 005 |
20080630.0 |
| 008 |
080630 |
| 020 |
|
|
|a 9837204303
|
| 090 |
0 |
0 |
|a 923.1595
|b SIT
|
| 100 |
0 |
|
|a Siti Rosnah Haji Ahmad
|
| 245 |
1 |
0 |
|a Pemerintah dan pemimpin-pemimpin kerajaan Malaysia
|c Siti Rosnah Haji Ahmad
|
| 260 |
|
|
|a Kuala Lumpur :
|b Golden books Centre ,
|c 2006
|
| 650 |
|
0 |
|a Emperors
|z Malaysia
|
| 650 |
|
0 |
|a Heads of states
|z Malaysia
|
| 650 |
|
0 |
|a Kings and rules
|z Malaysia
|
| 999 |
|
|
|a 0000936531
|b Book
|c REFERENCE
|e Cawangan Bandar Tenggara
|
| 999 |
|
|
|a 0001028499
|b Book
|c REFERENCE
|e Perbadanan Perpustakaan Awam Johor
|